| 000 | 00475cam a2200145 4500500 | ||
|---|---|---|---|
| 005 | 20260322014253.0 | ||
| 041 | _afre | ||
| 042 | _adc | ||
| 100 | 1 | 0 |
_aHouzet, Dominique _eauthor |
| 245 | 0 | 0 | _aGeneral-purpose computing on graphics cards |
| 260 | _c2026. | ||
| 500 | _a30 | ||
| 786 | 0 | _nSignal processing and its applications | - | 2026-03-05 | p. 11-11 | |
| 856 | 4 | 1 | _uhttps://stm.cairn.info/virtual-reality--bdti42299210-te5990-page-11?lang=en&redirect-ssocas=7080 |
| 999 |
_c1787735 _d1787735 |
||